000
00185nam a22000977a 4500
245
_a
Xam Idea Physics
250
_a
2024
260
_b
V.K. Publicatoin
300
_a
576
942
_2
ddc
_c
SB
999
_c
9077
_d
9077